| 000 | 00502 a2200157 4500 | ||
|---|---|---|---|
| 005 | 20250516132819.0 | ||
| 020 | _a0-13-172276-X | ||
| 082 | _aLECT 370.72 MIL | ||
| 100 | _aMILLS, G. E. | ||
| 245 | _aAction Research: A Guide for the Teacher Researcher | ||
| 250 | _a3rd Ed. | ||
| 260 |
_aNew Jersey, _bPearson, _c2007. |
||
| 300 |
_axvii, 254p.: ill.; figure, graph, table. _bIndex & Reference. _c23cm. |
||
| 856 |
_yAccess Online Book _fAction Research _dhttp://www.prenhall.com/mills |
||
| 942 |
_2ddc _cBKS |
||
| 999 |
_c2412 _d2412 |
||